000 01382 a2200241 4500
005 20080911104719.0
008 080911t xxu||||| |||| 00| 0 hin d
010 _aHIN-79588
020 _c200.00
_a8126313080
035 _aHN-51934
037 _bD.B.Act / pub
082 _a823.08
100 _aजोशी, ज्योतिष
245 _aउपन्यास की समकालीनता
_cज्योतिष जोशी
246 _aUpanyas ki samkalinta
260 _aनई दिल्ली
_bभारतीय ज्ञानपीठ
_c2007
270 _a18,इंस्टीट्यूशनल एरिया, लोदी रोड
_bनई दिल्ली
_e110003
300 _a240पृ
_c22 सेमी (सजिल्द)
490 _a(लोकोदय ग्रंथमालाःग्रंथांक 883)
942 _adpl
_cHN
_k823.08 / जोशीज्यो
_2ddc
_h823.08
_mजोशीज्यो
999 _c3031
_d3031